Polymers for high technology : electronics and photonics /

Gespeichert in:
Bibliographische Detailangaben
Körperschaften: American Chemical Society. Division of Polymeric Materials: Science and Engineering, American Chemical Society. Meeting
Weitere Verfasser: Bowden, M. J., 1943-, Turner, S. Richard, 1942-
Format: Buch
Sprache:Englisch
Veröffentlicht: Washington, DC The Society 1987.
Schriftenreihe:ACS symposium series, 346
Schlagworte:
Online-Zugang:Im OPAC anzeigen
Tags: Tag hinzufügen
Keine Tags, Fügen Sie das erste Tag hinzu!

MARC

LEADER 00000cam a2200000 a 4500
005 20260127134049.0
008 050512s1987 dcua b 101 0 eng
010 |a 87-014573 
020 |a 0841214069 
035 |a vtls008153322 
035 |a 4313092 
039 9 |y 200505120839  |z mschk03 
040 |a STUSCHK1  |b slo  |c STUSCHK1 
082 0 0 |a 668.9  |2 19 
245 0 0 |a Polymers for high technology :  |b electronics and photonics /  |c Murrae J. Bowden, editor, S. Richard Turner, editor ; developed from a symposium sponsored by the Division of Polymeric Materials--Science and Engineering at the 192nd Meeting of the American Chemical Society, Anaheim, California, September 7-12, 1986. 
260 |a Washington, DC  |b The Society  |c 1987. 
300 |a x, 628 p.  |b ill.  |c 24 cm. 
440 0 |a ACS symposium series,  |x 0097-6156 ;  |v 346 
504 |a Includes bibliographies and indexes. 
650 0 |a Polymers  |x Congresses. 
650 0 |a Photoresists  |x Congresses. 
650 0 |a Microlithography  |x Materials  |x Congresses. 
650 0 |a Microelectronics  |x Materials  |x Congresses. 
700 1 |a Bowden, M. J.,  |d 1943- 
700 1 |a Turner, S. Richard,  |d 1942- 
710 2 |a American Chemical Society.  |b Division of Polymeric Materials: Science and Engineering 
710 2 |a American Chemical Society.  |b Meeting  |n (192. :  |d 1986 :  |c Anaheim, Calif.) 
906 |a 7  |b cbc  |c orignew  |d 1  |e ocip  |f 19  |g y-gencatlg 
910 |a SCHK95 
919 |a 0-8412-1406-9 
991 |b c-GenColl  |h TK7871.15.P6  |i P627 1987  |p 00000725705  |t Copy 1  |w BOOKS 
999 |c 3221  |d 3221